01578nam a2200385 i 450000100060000000300090000600500170001500800410003204000360007304100130010904600090012208000230013108000210015408000190017508000170019424502090021124602040042026000560062430000270068033600270070733700540073433800280078838000160081638800100083250400280084254600320087061000250090265000350092765000140096265100110097665800340098770000500102171000230107185600980109456437KOSZ 00520240912062846.0090526s2007 pl a |000 0 pol  cKOSZ 005aKOSZ 005dKOSZ 005/HR0 apolbeng k2007 a330.322.16(438-67) a330.322.16(4-67) a338.48(438-21) a338.48(4-67)00aDziałania w trybie partnerstwa publiczno-prywatnego na rzecz rozwoju gospodarki turystycznej gmin przy wykorzystaniu środków Unii Europejskiej :bpraca zbiorowa /cpod red. Aleksandra Szwichtenberga.31iTyt. równol. :aActions under the public private partnership processes in favour of the development of the tourism economy of the communes by the use of the means obtained from the European Union : aStrasburg ;aKoszalin :bWydawnictwo Feniks,c2007. a91 s. :bil. ;c24 cm. 2rdacontentaTekstbtxt 2rdamediaaBez urządzenia pośredniczącegobn 2rdacarrieraWoluminbnc aKsiążki a2001- aBibliogr. przy pracach. aWstęp także w jez. ang.2 aUnia Europejska (UE) 4aPartnerstwo publiczno-prywatne 4aTurystyka 7aPolska aGospodarka, ekonomia, finanse1 aSzwichtenberg, Aleksanderd(1947- )eRedakcja2 aWydawnictwo Feniks uhttp://koha.tu.koszalin.pl/cgi-bin/koha/opac-detail.pl?biblionumber=56437yKatalog online BPK